[Event "HUN-chT2 Breyer 1516"]
[Site "Hungary"]
[Date "2016.02.28"]
[Round "8.8"]
[White "Kovacs, Balazs"]
[Black "Rosta, Sandor"]
[Result "0-1"]
[WhiteElo "1777"]
[BlackElo "2041"]
[PlyCount "52"]
[EventDate "2015.09.13"]
[EventType "team-tourn"]
[EventRounds "11"]
[EventCountry "HUN"]
[SourceTitle "EXT 2017"]
[Source "ChessBase"]
[SourceDate "2016.10.25"]
[SourceVersion "1"]
[SourceVersionDate "2016.10.25"]
[SourceQuality "1"]
[WhiteTeam "Turul"]
[BlackTeam "Szazhalombatta"]
[WhiteTeamCountry "HUN"]
[BlackTeamCountry "HUN"]

1. e4 e6 2. d4 d5 3. Nc3 Nf6 4. exd5 exd5 5. Bg5 c6 6. Nf3 Bb4 7. Bd3 0-0 8. Ne5 Re8 9. 0-0 Nbd7 10. Re1 Nf8 11. Re3 Be7 12. Qf3 Ne6 13. Bxf6 Bxf6 14. Qh5 g6 15. Rg3 Nf4 16. Qf3 Bxe5 17. dxe5 Nxd3 18. Qxd3 Rxe5 19. f4 Bf5 20. Qd4 Re6 21. Kh1 Qb6 22. Qd2 Rae8 23. h4 Qc7 24. h5 Qe7 25. Rg5 h6 26. Rxf5 Qh4+ 0-1

[Event "HUN-chT2 Breyer 1213"]
[Site "Hungary"]
[Date "2013.04.07"]
[Round "10.7"]
[White "Kovacs, Balazs"]
[Black "Erky, Tamas"]
[Result "1/2-1/2"]
[WhiteElo "1752"]
[BlackElo "1544"]
[PlyCount "45"]
[EventDate "2012.09.16"]
[EventType "team-tourn"]
[EventRounds "11"]
[EventCountry "HUN"]
[SourceTitle "EXT 2014"]
[Source "ChessBase"]
[SourceDate "2013.11.20"]
[SourceVersion "1"]
[SourceVersionDate "2013.11.20"]
[SourceQuality "1"]
[WhiteTeam "Turul"]
[BlackTeam "Szechenyi"]
[WhiteTeamCountry "HUN"]
[BlackTeamCountry "HUN"]

1. e4 e5 2. Nf3 d6 3. d4 exd4 4. Nxd4 Nf6 5. Nc3 Be7 6. Bc4 Bd7 7. Nf5 Bxf5 8. exf5 c6 9. 0-0 0-0 10. Bf4 d5 11. Bd3 Bd6 12. Bg5 h6 13. Bh4 Nbd7 14. Kh1 Re8 15. Qd2 Qc7 16. f4 Bc5 17. Rae1 Rxe1 18. Rxe1 Re8 19. Rxe8+ Nxe8 20. Qe2 Nef6 21. Bxf6 Nxf6 22. g3 Qe7 23. Kg2 1/2-1/2

[Event "HUN-chT2 Breyer 0910"]
[Site "Hungary"]
[Date "2010.03.21"]
[Round "8"]
[White "Haszon, Kamilla Sara"]
[Black "Kovacs, Balazs"]
[Result "1-0"]
[WhiteElo "1764"]
[BlackElo "1837"]
[PlyCount "97"]
[EventDate "2009.11.08"]
[EventType "team-tourn"]
[EventRounds "11"]
[EventCountry "HUN"]
[SourceTitle "EXT 2011"]
[Source "ChessBase"]
[SourceDate "2010.11.26"]
[SourceVersion "1"]
[SourceVersionDate "2010.11.26"]
[SourceQuality "1"]
[WhiteTeam "Honved II"]
[BlackTeam "Turul"]
[WhiteTeamCountry "HUN"]
[BlackTeamCountry "HUN"]

1. e4 d6 2. d4 Nf6 3. Nc3 g6 4. f4 Bg7 5. Nf3 c5 6. d5 0-0 7. Bd3 Bg4 8. 0-0 a6 9. a4 Nbd7 10. Qe1 Rc8 11. e5 dxe5 12. fxe5 Ne8 13. Bf4 Bxf3 14. Rxf3 c4 15. Bf1 Qb6+ 16. Kh1 Qb4 17. Rh3 f5 18. Qh4 h5 19. Qg5 Kh7 20. Be2 Nxe5 21. Bxe5 Bh6 22. Qh4 Ng7 23. Bxg7 Kxg7 24. Bxh5 gxh5 25. Qxh5 Rf6 26. Rf1 e6 27. dxe6 Rc5 28. e7 f4 29. e8Q Rxh5 30. Qxh5 Qxb2 31. Ne4 Rg6 32. Qf5 Qxc2 33. Qd7+ Kg8 34. Qe8+ Kg7 35. Qe7+ Kg8 36. Nf6+ Rxf6 37. Qxf6 Qe2 38. Qg6+ Bg7 39. Rg1 Qe5 40. Rh5 Qe7 41. Qh7+ Kf7 42. Rf5+ Ke8 43. Qg8+ Bf8 44. Qg6+ Kd8 45. Qf6 Qxf6 46. Rxf6 Bc5 47. Rd1+ Ke7 48. Rxf4 c3 49. Rc4 1-0